Geometry Dash - Most Downloaded 1.9 Levels - Statistics

General Stats
  • This quiz has been taken 31 times
    7 since last reset
  • The average score is 11 of 20
Answer Stats
Publisher Difficulty ID Answer Downloads % Correct
Riot Extreme Demon 10565740 Bloodbath 139,300,000
100%
Zobros Hard Demon 4284013 Nine Circles 91,800,000
100%
JerkRat Easy 4454123 Sonar 123,000,000
100%
Caustic Easy Demon 8660411 Death Moon  54,100,000
75%
Jerry4 Easy Demon 5904109 Platinum Adventure 64,900,000
75%
DiMaViKuLov26 Easy 6508283 ReTraY 117,700,000
75%
ZenthicAlpha Easy Demon 3543219 Speed Racer 62,000,000
75%
ZenthicAlpha Insane Demon 4706930 Supersonic 44,800,000
75%
Ggb0y Extreme Demon 3979721 Cataclysm 63,000,000
50%
Rek3dge Easy Demon 2997354 DeCode 31,300,000
50%
Glittershroom Harder 7485599 Kappaclysm 31,100,000
50%
Dhafin Easy Demon 7116121 Problematic 27,800,000
50%
noobas Medium Demon 3264805 Theory of SkriLLex 22,300,000
50%
TamaN Normal 9063899 Adrift 33,000,000
25%
xtobe5 Normal 9110646 ColorZ 27,900,000
25%
FlappySheepy Normal 10992098 endless 34,100,000
25%
Glittershroom Normal 8320596 Glitter Madness 2k15 31,600,000
25%
Vermillion Normal 8477262 Mystery Dungeon 24,500,000
25%
KFAOpitar Normal 2820124 Remake Level 2 23,100,000
25%
Dverry Easy 2867632 lucid dream 29,500,000
0%
No matching quizzes found
Score Distribution
Percent of People with Each Score
Percentile by Number Answered
Your Score History
You have not taken this quiz since the last reset